000 00441 a2200169 4500
001 186547
020 _a978-85-262-4885-4
040 _cMagnum
100 _aCompany, Mercè
240 1 0 _aAs sobrinhas da bruxa Onilda (as trigêmeas) e o barba azul
_lpor
245 1 0 _aAs sobrinhas da bruxa Onilda (as trigêmeas) e o barba azul
300 _a31
362 0 _a2010
440 1 _aScipione
697 _aLITERATURA INFANTO
942 _cBK
999 _c186547
_d186547